=LDR 00000nam 2200000 4500 =001 INLIS000000000042219 =005 20131008015014 =008 ***********************************ind** =035 ##$$0010-101300000000141 =041 ##$$a ind =082 ##$$a F Rom D =090 ##$$a F Rom D, Tau m =100 ##$$a Taulu =245 ##$$a Merah Putih =260 ##$$a 1983 $b Jakarta =650 ##$$a Novel =850 ##$$a NBPNMAT